[Event "Witney op U170 6th"]
[Site "Witney"]
[Date "2018.11.04"]
[Round "4"]
[White "George, Richard M"]
[Black "Zakarian, Dimitrios Levon"]
[Result "0-1"]
[WhiteElo "1801"]
[BlackElo "1556"]
[PlyCount "170"]
[EventDate "2018.11.03"]
[EventType "swiss"]
[EventRounds "5"]
[EventCountry "ENG"]
[SourceTitle "CBM 187 Extra"]
[Source "ChessBase"]
[SourceDate "2018.11.04"]
[SourceVersion "1"]
[SourceVersionDate "2018.11.04"]
[SourceQuality "1"]

1. d4 Nf6 2. Bg5 d5 3. e3 h6 4. Bh4 c5 5. Bxf6 exf6 6. c4 cxd4 7. exd4 Bb4+ 8. Nc3 Bxc3+ 9. bxc3 0-0 10. Bd3 Qa5 11. Qb3 dxc4 12. Bxc4 Be6 13. Bxe6 Re8 14. Nf3 Rxe6+ 15. Kd2 Rb6 16. Qc2 Nc6 17. Rab1 Rxb1 18. Rxb1 b6 19. a4 Rd8 20. Rb5 Nxd4 21. Nxd4 Rxd4+ 22. Kc1 Qxa4 23. Qxa4 Rxa4 24. Kb2 Kf8 25. f3 Ke7 26. Rd5 Ra5 27. Rd2 Ke6 28. Rd8 Rd5 29. Re8+ Kd7 30. Rf8 Ke7 31. Ra8 Rd2+ 32. Kb3 Rxg2 33. Rxa7+ Ke6 34. Ra6 Rxh2 35. Rxb6+ Kd5 36. Rb7 h5 37. Rxf7 Rg2 38. Rd7+ Kc5 39. Rc7+ Kb6 40. Rc8 Rg6 41. Rc4 Rh6 42. Rh4 g5 43. Rh1 f5 44. Kc4 g4 45. fxg4 fxg4 46. Kd4 h4 47. Ke4 g3 48. Kf3 Kc5 49. Kg2 Kd5 50. Rd1+ Kc4 51. Rc1 Rg6 52. Rh1 Rg4 53. Rc1 Kd3 54. Kh3 Rc4 55. Rd1+ Kxc3 56. Rd8 Rd4 57. Rh8 Kd2 58. Kg2 Ke3 59. Re8+ Re4 60. Rh8 Kd4 61. Rd8+ Ke5 62. Re8+ Kf5 63. Rf8+ Kg6 64. Rg8+ Kh7 65. Rg5 Kh6 66. Rg8 Re7 67. Rg4 Kh5 68. Rg8 Re5 69. Kf3 Rf5+ 70. Kg2 Rf2+ 71. Kg1 Rf6 72. Kg2 Rg6 73. Rb8 Rg5 74. Ra8 Kg6 75. Ra6+ Kh5 76. Ra8 Rf5 77. Rb8 Kg4 78. Rb4+ Rf4 79. Rb8 Rf2+ 80. Kg1 Kh3 81. Rb1 Rf3 82. Rd1 g2 83. Rb1 Kg3 84. Rc1 h3 85. Rc3 h2# 0-1